MDQL
is popping MORE tags! Check the
thread
!
Quizzes
Events
Quiz Creation
Community
Videos
Private Events
Remove Ads
Sign In
Join for FREE
Feedback
Dark Mode
Quiz Categories
Sports
Geography
Music
Movies
Television
Just For Fun
Miscellaneous
History
Literature
Language
Science
Gaming
Entertainment
Religion
Holiday
For Kids
Quiz Lab
Recent
Popular Today
Quiz Kudos Today
Editor Picks
Curator Picks
Quizzes by...
Day
Popularity
Type
Ratings
Length
Year
Community
Subscriptions
Recent Discussions
Orange Saloon
Badges
Playlists
Quests
Create
Leaderboards
Showdown
Live 5
Trivia Bingo
Activity
Puzzle Library
Sporcle Events
Private Events
Virtual Trivia
Globe League
Become a Host
Pub Owners
SporcleCon
Opinionation
Our Games
Videos
Blog
Mobile Apps
Partnerships
Remove Ads and Go Orange
Feedback
Sports
Athletes
MLB
NBA
NHL
NFL
Soccer
Sports Teams
WWE
NCAA
Football
Premier League
Basketball
Baseball
Hockey
Golf
Tennis
Cricket
Rugby
Auto Racing
Olympics
World Cup
Sports
Athletes
MLB
NBA
NHL
NFL
Soccer
Sports Teams
WWE
NCAA
Football
Premier League
Basketball
Baseball
Hockey
Golf
Tennis
Cricket
Rugby
Auto Racing
Olympics
World Cup
Random Quiz
Search Sporcle
×
Quiz Lab
Quiz Lab
Sports
Clickable
Select answers by clicking on text or image buttons
Select answers by clicking on text or image buttons
Clickable
Best Score? Go Orange.
March Madness 2017 teams Stats
Can you name the March Madness 2017 teams?
By
birduck14
20m
64 Questions
78 Plays
78 Plays
78 Plays
Comments
Comments
Give Quiz Kudos
Give Quiz Kudos
-
- Ratings
hide this ad
Forced Order
Answers have to be entered in order
Answers have to be entered in order
Replay
Link that replays current quiz
Next Quiz
Link to next quiz in quiz playlist
You Got
0%
They Got
Avg Score
21%
Avg Friend Score
Upgrade to see
Score Distribution
Jump to the score distribution portion of the page
Score
0/64
Timer
20:00
0
Plays Today
% Correct
Arkansas
53.8%
Villanova
35.9%
Gonzaga
34.6%
Kansas
34.6%
Arizona
33.3%
North Carolina
32.1%
Duke
29.5%
Baylor
29.5%
Florida State
29.5%
Kentucky
28.2%
Louisville
28.2%
Florida
26.9%
Butler
26.9%
Oregon
25.6%
Cincinnati
25.6%
UCLA
24.4%
West Virginia
23.1%
Notre Dame
23.1%
Iowa State
23.1%
Purdue
21.8%
Creighton
21.8%
Virginia
20.5%
Minnesota
20.5%
SMU
20.5%
Michigan
20.5%
Miami
20.5%
Vanderbilt
20.5%
Maryland
19.2%
South Carolina
19.2%
Dayton
19.2%
Northwestern
19.2%
Michigan State
19.2%
% Correct
Wichita State
19.2%
Princeton
19.2%
East Tennessee State
19.2%
Bucknell
19.2%
Wisconsin
17.9%
Marquette
17.9%
Oklahoma State
17.9%
Xavier
17.9%
Middle Tennessee State
17.9%
Nevada
17.9%
Florida Gulf Coast
17.9%
UC Davis
17.9%
St. Mary's (Cal.)
16.7%
Virginia Tech
16.7%
Seton Hall
16.7%
VCU
16.7%
Kansas State
16.7%
Rhode Island
16.7%
Northern Kentucky
16.7%
Jacksonville State
16.7%
University of South California
15.4%
UNCW
15.4%
Winthrop
15.4%
New Mexico State
15.4%
Kent State
15.4%
Iona
15.4%
Troy
15.4%
Mt. St. Mary's
15.4%
South Dakota State
15.4%
Texas Southern
15.4%
Vermont
14.1%
North Dakota
11.5%
Quiz Playlist
Details
Report
Send in Message
Add To Playlist
Clickable:
Select answers by clicking on text or image buttons
Forced Order:
Answers have to be entered in order
Last Updated: Mar 22, 2017
Quiz Scoreboard
CHALLENGE
Sign Up to Join the Scoreboard
Show All
Scores
Hide
Comments
May contain spoilers
Recently Published
Street Fighter Characters
by Artimus82
Gaming
60s
9x9 Crossword: Cartoon Network
by jackfrog10
Miscellaneous
3m
College Basketball Coaching Resumes
by pancakes188
Sports
9m
More to Explore
Quiz From the Vault
Featured Blog Post
Where Did the Easter Bunny Come From?
hide this ad
You Might Also Like...
Tags
Clickable Quiz
2017
madness
March
March Madness
team
Today's Top Quizzes in Sports
Browse Sports
hide this ad
Today's Top Quizzes in Clickable
Browse Clickable
Top Contributed Quizzes in Sports
1
2022 World Cup Stars
2
Les meilleurs buteurs des matchs entre le PSG et l’OM
3
FIFA Club World Cup Champions
4
Les entraîneurs de l'OM et du PSG au 21e siècle
5
Criteria MLB: Left Handed Sluggers
6
2023 MLB Unique Player Accomplishments
7
AFC Teams Reveal (Wrong Answers Minefield)
8
5-to-1: FBS Animal Nicknames
9
Players with Multiple 50 Home Run Seasons
10
5-to-1: UK Sports Teams
Explore More
Trending Topics
Disney
NBA
Harry Potter
Marvel
Kpop
Anime
Crossword
Song
Puzzle
The Office
NFL
Country
Soccer
WWE
Pokémon
hide this ad
More By:
birduck14
Quiz
Plays
Rating
Category
Featured
Created
NBA 2K YouTubers quiz
4,166
1.00
Gaming
Oct 20, 2016
NBA Order Quiz
1,510
1.00
Sports
Mar 8, 2017
ESPN Top 100 All Time NBA players
1,473
2.67
Sports
Mar 14, 2017
Top 100 NBA Players 2017-18
735
1.00
Sports
Jul 23, 2017
2017 NBA Playoff Teams
579
Sports
Apr 14, 2017
Go to Creator's Profile
Score Distribution
Quiz Creator Spotlight
birduck14
Follow
Send a Message
Quizzes Created
-
Created Quiz Play Count
-
More By This Creator
Popular Quizzes Today
1
Find the US States - No Outlines Minefield
2
Find the Countries of Europe - No Outlines Minefield
3
The Countries of the World
4
Find the US States
5
Risky Map Clicking: Biggest States A-Z
6
US States
7
Popular People in 1961
8
Movies - When Are They Set?
More Sports Quizzes
Ireland Rugby Most Capped XV
Curator's Pick
Trending Quizzes
Risky Map Clicking: Least Populous States A-Z
Countries of the World: 200 Million BC
Billboard Blitz: Aretha Franklin
1-10 Letter G Words
Famous Russians: Author or Composer?
Recently Updated
Leaping Animals
pecheneg
Reality TV Shows (A-Z)
bhenderson79
Rickey Henderson's Hall of Fame Teammates
pecheneg
Champions League XIs: Arsenal
pecheneg
Quick Pick: Celebrities in WWE's Hall of Fame
aduchscher
A-Z Keypad Blitz II
pecheneg
Multiple Oscar Actors
pecheneg
Mystery Phrase Blitz: Oscar 'Best Actors'
pecheneg
F. Scott Fitzgerald Novels
LTH
Pick 3 Villains
ddd62291
Trending Topics
Marvel
Disney
Crossword
Kpop
Harry Potter
NBA
Anime
NFL
Puzzle
Country
Soccer
Song
WWE
Pokémon
The Office
Your Account Isn't Verified!
In order to create a playlist on Sporcle, you need to verify the email address you used during registration. Go to your
Sporcle Settings
to finish the process.
Report this User
Report this user for behavior that violates our
Community Guidelines
.
Details:
Send Report
Go to the Sporcle.com Mobile Site →
Comments